[Event "World School-ch U15"]
[Site "Sochi"]
[Date "2016.12.09"]
[Round "7"]
[White "Khangal, Khosbayar"]
[Black "Sylyev, Nedir"]
[Result "1/2-1/2"]
[WhiteElo "1499"]
[BlackElo "1975"]
[PlyCount "127"]
[EventDate "2016.12.03"]
[EventType "swiss"]
[EventRounds "9"]
[EventCountry "RUS"]
[SourceTitle "EXT 2018"]
[Source "ChessBase"]
[SourceDate "2017.10.13"]
[SourceVersion "1"]
[SourceVersionDate "2017.10.13"]
[SourceQuality "1"]

1. d4 c5 2. dxc5 e6 3. Nc3 Nf6 4. Nf3 Bxc5 5. e3 0-0 6. Bd3 d5 7. 0-0 Nc6 8. a3 a6 9. e4 d4 10. Ne2 e5 11. Bg5 Be7 12. Ng3 Re8 13. Ne1 h6 14. Bd2 Bd6 15. h3 Ne7 16. f4 exf4 17. Bxf4 Bxf4 18. Rxf4 Qd6 19. Rf3 Ng6 20. Nf5 Bxf5 21. Rxf5 Nxe4 22. Bc4 Ne5 23. Bb3 Re7 24. Nd3 Ng3 25. Rxe5 Rxe5 26. Nxe5 Qxe5 27. Qf3 Rf8 28. Qxb7 Kh8 29. Qd5 Qe3+ 30. Kh2 Ne4 31. Rf1 Qg3+ 32. Kg1 Ng5 33. Qxd4 Nxh3+ 34. Kh1 Re8 35. gxh3 Qxh3+ 36. Kg1 Qg3+ 37. Kh1 Re3 38. Qf4 Qh3+ 39. Kg1 Rg3+ 40. Kf2 Rg2+ 41. Ke1 Qh5 42. Qe3 Rh2 43. Bxf7 Qh4+ 44. Kd1 Qg4+ 45. Kc1 Re2 46. Qd3 Qg5+ 47. Kb1 Rd2 48. Qxa6 Kh7 49. Qa8 Rd8 50. Qe4+ Kh8 51. Qg6 Qe5 52. Qe6 Qb5 53. Qf5 Qb6 54. Bg6 Qd6 55. Qf7 Rb8 56. Ka2 Ra8 57. Bd3 Rb8 58. Qg6 Qd5+ 59. Ka1 Qg8 60. Rh1 Rb7 61. Rxh6+ gxh6 62. Qxh6+ Rh7 63. Bxh7 Qg1+ 64. Ka2 1/2-1/2

[Event "World School-ch U15"]
[Site "Sochi"]
[Date "2016.12.08"]
[Round "5"]
[White "Sylyev, Nedir"]
[Black "Vetokhin, Ilia"]
[Result "1/2-1/2"]
[WhiteElo "1975"]
[BlackElo "1887"]
[PlyCount "65"]
[EventDate "2016.12.03"]
[EventType "swiss"]
[EventRounds "9"]
[EventCountry "RUS"]
[SourceTitle "EXT 2018"]
[Source "ChessBase"]
[SourceDate "2017.10.13"]
[SourceVersion "1"]
[SourceVersionDate "2017.10.13"]
[SourceQuality "1"]

1. e4 c6 2. d4 d5 3. exd5 cxd5 4. c3 Nc6 5. Bd3 Qc7 6. Ne2 Bg4 7. 0-0 e6 8. Qa4 Bd6 9. h3 Bh5 10. b4 Qd8 11. b5 Nb8 12. Nf4 Bg6 13. Nxg6 hxg6 14. Ba3 Ne7 15. Nd2 0-0 16. Nf3 Bxa3 17. Qxa3 Nf5 18. Rad1 Nd7 19. c4 dxc4 20. Bxc4 Nb6 21. Bb3 Qe7 22. Qc1 Rac8 23. Qd2 Rfd8 24. Qa5 Ra8 25. Rfe1 Qf6 26. Qd2 Rd7 27. a4 Rad8 28. Qa5 Ra8 29. Qd2 Rad8 30. Qa5 Ra8 31. Qd2 Rad8 32. Qa5 Ra8 33. Qd2 1/2-1/2